Capitals and Largest Cities of the United States - Statistics

General Stats
  • This quiz has been taken 139 times
  • The average score is 68 of 91
Answer Stats
Capital % Correct
State Arizona Phoenix
100%
State Colorado Denver
99%
State California Sacramento
98%
State Georgia Atlanta
97%
State Massachusetts Boston
97%
State Hawaii Honolulu
93%
State Florida Tallahassee
93%
State Illinois Chicago
92%
State California Los Angeles
92%
State New York New York
92%
State Idaho Boise
91%
State Connecticut Hartford
91%
State Indiana Indianapolis
91%
State Arkansas Little Rock
90%
State Utah Salt Lake City
90%
State Texas Austin
89%
State Mississippi Jackson
89%
State Alabama Montgomery
89%
State New York Albany
88%
State Nevada Las Vegas
88%
State Oklahoma Oklahoma City
88%
State Texas Houston
87%
State Alaska Juneau
87%
State Missouri Kansas City
87%
State Tennessee Nashville
87%
State Illinois Springfield
87%
State Ohio Columbus
86%
State Michigan Detroit
86%
State Louisiana Baton Rouge
85%
State South Carolina Charleston
85%
State West Virginia Charleston
85%
State Iowa Des Moines
85%
State Wisconsin Madison
85%
State Washington Olympia
85%
State Maine Portland
85%
State Oregon Portland
85%
State Minnesota Saint Paul
85%
State Nevada Carson City
84%
State Nebraska Lincoln
84%
State Virginia Richmond
84%
State Washington Seattle
84%
State North Carolina Raleigh
82%
State New Mexico Santa Fe
82%
State New Mexico Albuquerque
81%
State Maryland Baltimore
81%
State Delaware Dover
81%
State Minnesota Minneapolis
81%
State Louisiana New Orleans
81%
State Kansas Topeka
81%
State Maine Augusta
80%
State Pennsylvania Philadelphia
80%
State Rhode Island Providence
80%
State Oregon Salem
80%
State New Jersey Trenton
80%
State Vermont Montpelier
79%
State Maryland Annapolis
78%
State Wyoming Cheyenne
78%
State Michigan Lansing
78%
State Alaska Anchorage
77%
State Florida Jacksonville
77%
State South Carolina Columbia
76%
State Kentucky Frankfort
76%
State Pennsylvania Harrisburg
76%
State Missouri Jefferson City
76%
State Montana Helena
74%
State Wisconsin Milwaukee
74%
State North Carolina Charlotte
73%
State Nebraska Omaha
73%
State North Dakota Bismarck
71%
State South Dakota Pierre
71%
State Kentucky Louisville
70%
State New Hampshire Concord
68%
State North Dakota Fargo
65%
State New Jersey Newark
65%
State Kansas Wichita
64%
State Montana Billings
60%
Territory Puerto Rico San Juan
58%
State South Dakota Sioux Falls
58%
State Virginia Virginia Beach
57%
State Delaware Wilmington
52%
State Alabama Huntsville
51%
State Connecticut Bridgeport
46%
State New Hampshire Manchester
46%
State Vermont Burlington
43%
Territory American Samoa Pago Pago
22%
Territory Guam Hagåtña
16%
Territory Northern Mariana Islands Saipan
16%
Territory U.S. Virgin Islands Charlotte Amalie
14%
Territory Guam Dededo
7%
Territory American Samoa Tafuna
7%
Territory Midway Atoll Sand Island
5%
No matching quizzes found
Score Distribution
Percent of People with Each Score
Percentile by Number Answered
Your Score History
You have not taken this quiz